| 000 | 00446nam a22001817a 4500 | ||
|---|---|---|---|
| 003 | CEME | ||
| 005 | 20210628201637.0 | ||
| 008 | 210212b xxu||||| |||| 00| 0 eng d | ||
| 020 | _a0-07-044791-8 | ||
| 040 | _c. | ||
| 082 | _a620.0042 MCG | ||
| 100 |
_aMcginnis, Richard.G _922209 |
||
| 245 | _aLearning cadkey | ||
| 260 |
_aNEW YORK _bMCGRAW HILL _c1991 |
||
| 300 | _aXVI,266P | ||
| 650 |
_aCADKEY 4 CADKEY-LIGHT _956143 |
||
| 942 |
_cBK _2ddc |
||
| 999 |
_c566659 _d566659 |
||